[Event "Arco op 33rd"]
[Site "Arco"]
[Date "2011.10.26"]
[Round "5"]
[White "Lezzerini, Marco"]
[Black "Trimarchi, Giuseppe"]
[Result "1-0"]
[WhiteElo "1797"]
[BlackElo "1923"]
[PlyCount "79"]
[EventDate "2011.10.22"]
[EventType "swiss"]
[EventRounds "9"]
[EventCountry "ITA"]
[SourceTitle "EXT 2012"]
[Source "ChessBase"]
[SourceDate "2011.11.24"]
[SourceVersion "1"]
[SourceVersionDate "2011.11.24"]
[SourceQuality "1"]

1. c4 c6 2. g3 g6 3. Bg2 Bg7 4. Nc3 Nf6 5. e4 d6 6. Nge2 Nbd7 7. 0-0 0-0 8. d3 a5 9. h3 Ne8 10. Be3 Nc7 11. Qd2 c5 12. Bh6 Ne5 13. Bxg7 Kxg7 14. f4 Nc6 15. f5 f6 16. g4 g5 17. Kf2 Nd4 18. Rh1 h6 19. Bf3 e6 20. Rh2 d5 21. cxd5 exd5 22. Rah1 Nxf3 23. Kxf3 dxe4+ 24. Nxe4 b6 25. h4 Rh8 26. hxg5 fxg5 27. Qc3+ Kf7 28. Rxh6 Rxh6 29. Rxh6 Qg8 30. Qf6+ Ke8 31. Rh8 Qxh8 32. Qxh8+ Kd7 33. Qh6 Bb7 34. Qxb6 Bc6 35. Kf2 Bxe4 36. dxe4 Re8 37. Nc3 Re5 38. Nb5 Nxb5 39. Qxb5+ Kd6 40. Qb8+ 1-0

[Event "Messina op-A 1st"]
[Site "Messina"]
[Date "2011.09.01"]
[Round "6"]
[White "Gangemi, Salvatore"]
[Black "Trimarchi, Giuseppe"]
[Result "1-0"]
[WhiteElo "2065"]
[BlackElo "1923"]
[PlyCount "65"]
[EventDate "2011.08.28"]
[EventType "swiss"]
[EventRounds "9"]
[EventCountry "ITA"]
[SourceTitle "CBM 144 Extra"]
[Source "ChessBase"]
[SourceDate "2011.10.28"]
[SourceVersion "1"]
[SourceVersionDate "2011.10.28"]
[SourceQuality "1"]

1. c4 Nf6 2. g3 g6 3. Bg2 Bg7 4. Nc3 c5 5. e3 e6 6. Nge2 Nc6 7. 0-0 0-0 8. e4 d6 9. d3 Ne8 10. Kh1 Kh8 11. Be3 e5 12. Qd2 Nc7 13. Rac1 Ne6 14. Nd5 Ned4 15. Nxd4 Nxd4 16. f4 Be6 17. fxe5 dxe5 18. Rf2 f5 19. Rcf1 Qd7 20. Bh6 Rab8 21. Qg5 Bxh6 22. Qxh6 Qg7 23. Qg5 h6 24. Qe3 b5 25. b3 bxc4 26. dxc4 Rbc8 27. Re1 Rfe8 28. exf5 Bxf5 29. Be4 Kh7 30. g4 Bxe4+ 31. Qxe4 Nc6 32. Nf6+ Kh8 33. Nxe8 1-0

[Event "Messina op-A 1st"]
[Site "Messina"]
[Date "2011.08.30"]
[Round "3"]
[White "Trimarchi, Giuseppe"]
[Black "Bonanzinga, Corrado"]
[Result "0-1"]
[WhiteElo "1923"]
[BlackElo "2136"]
[PlyCount "118"]
[EventDate "2011.08.28"]
[EventType "swiss"]
[EventRounds "9"]
[EventCountry "ITA"]
[SourceTitle "CBM 144 Extra"]
[Source "ChessBase"]
[SourceDate "2011.10.28"]
[SourceVersion "1"]
[SourceVersionDate "2011.10.28"]
[SourceQuality "1"]

1. e4 e5 2. Nf3 Nc6 3. Bb5 Nf6 4. 0-0 Nxe4 5. Re1 Nd6 6. Nxe5 Be7 7. Bxc6 dxc6 8. d4 Nf5 9. c3 0-0 10. Nd2 c5 11. dxc5 Bxc5 12. Ne4 Qxd1 13. Rxd1 Be7 14. Bf4 Nd6 15. Nxd6 Bxd6 16. Nd3 Bxf4 17. Nxf4 c6 18. Rd6 Bf5 19. Rad1 Rae8 20. Kf1 Re4 21. Nd3 Rfe8 22. Nc5 Re2 23. Rd8 b6 24. Na6 Re1+ 25. Rxe1 Rxd8 26. Nb4 Kf8 27. Re5 Be6 28. Ke1 c5 29. Nc6 Rd7 30. a3 Bd5 31. Nxa7 f6 32. Rxd5 Rxd5 33. Ke2 c4 34. f4 Ra5 35. Nc6 Rb5 36. Nb4 g5 37. fxg5 Re5+ 38. Kf2 fxg5 39. Nc6 Re4 40. h3 Kf7 41. Nd4 h6 42. Nf3 Ke6 43. Nd2 Rf4+ 44. Ke3 Kd5 45. g3 Rf8 46. Ke2 Re8+ 47. Kf2 b5 48. Kf1 Re3 49. Kf2 Rd3 50. Nf1 Ke4 51. Ke2 h5 52. b3 Rxc3 53. bxc4 bxc4 54. a4 g4 55. hxg4 hxg4 56. Kd2 Ra3 57. a5 Rxa5 58. Kc3 Ra2 59. Kxc4 Rf2 0-1